Music Quiz

Random Music or Artist Quiz

MTV's Most Controversial Videos Quiz Stats

 Plays Quiz Updated May 23, 2019

Score 0/20 Timer 06:00
1 Play Today
Artist Music Video Title % Correct
Sir Mix-A-LotBaby Got Back
70.1%
Pearl JamJeremy
51.2%
EminemStan
49.7%
ProdigySmack My ***** Up
41.9%
WarrantCherry Pie
34.8%
Nine Inch NailsCloser
32.1%
Fiona AppleCriminal
31.5%
Britney SpearsBaby One More Time
30.5%
George MichaelI Want Your Sex
28%
D12Purple Hills
27%
Artist Music Video Title % Correct
Bloodhound GangThe Bad Touch
24.1%
MadonnaJustify My Love
20.7%
2 Live CrewMe So Horny
17.4%
Robbie WilliamsRock DJ
15.9%
Michael JacksonBlack or White
13.1%
Nas (feat. Puffy)Hate Me Now
10.1%
Neil YoungThis Note's for You
5.1%
MadonnaWhat It Feels Like for a Girl
4.7%
Marilyn MansonComa White
2.3%
WaxCalifornia
2.3%

You're not logged in!

Compare scores with friends on all Sporcle quizzes.
OR
Log In

Sporcle TV

Today on Sporcle TV


Watch our educational content, quiz creation guides, and fun videos on Sporcle TV.

Show Comments

Extras

Top Quizzes Today


Score Distribution

Your Account Isn't Verified!

In order to create a playlist on Sporcle, you need to verify the email address you used during registration. Go to your Sporcle Settings to finish the process.

Report this User

Report this user for behavior that violates our Community Guidelines.

Details: